| 000 | 01105aab a2200217 4500 | ||
|---|---|---|---|
| 001 | 768714001 | ||
| 003 | CO-MdFUSB | ||
| 005 | 20240612102826.0 | ||
| 008 | 170512s1996 cr ||||| |||| 00| 0 spa d | ||
| 022 | _a1409-1968 | ||
| 040 |
_aCO-MdFUSB _bspa _cCO-MdFUSB _dCO-MdFUSB |
||
| 041 | _aspa | ||
| 100 | 1 |
_aTozer, A. W. (Aiden Wilson) (1897-1963) _eautor |
|
| 245 | 1 | 3 |
_aLa raíz de los justos _c/ A. W. Tozer |
| 300 |
_aVolumen 13. Número 2 (1996), páginas 40 - 41 _c: 27 cm. |
||
| 520 | _a La fe pragmática se ha apoderado de la ortodoxia y solo valoramos lo que produce buenos resultados. Un árbol puede resistir las tormentas si tiene raíces sanas, pero el cristianismo sin raíces se marchita y muere. Debemos examinar nuestras raíces y arraigarnos en el amor, siguiendo las enseñanzas de la Biblia y los santos pasados. No debemos seguir las modas religiosas, sino estudiar las Escrituras y seguir a nuestro Señor. | ||
| 650 | 7 |
_aJusticia _92116 |
|
| 773 | 0 |
_tApuntes Pastorales _049442 _960177 _gVolumen 13. Número 2 (1996), páginas 40-41 _qPágina 40 |
|
| 942 | _cANA | ||
| 945 | _aJTF-925 | ||
| 999 |
_c54012 _d54012 |
||